| 000 | 00603nam a2200217 4500 | ||
|---|---|---|---|
| 001 | 131055 | ||
| 003 | ES-MaACL | ||
| 005 | 20230906193915.0 | ||
| 007 | t| | ||
| 008 | 070214s1945 sp r ||||1| spa d | ||
| 100 | 1 |
_aRoberts, Cecil. _997826 |
|
| 245 | 1 | 0 |
_aEstación Victoria a las 4,30 / _cCecil Roberts ; [versión española de J. L. B.]. |
| 250 | _a1ª ed. | ||
| 260 |
_aBarcelona : _bLuis de Caralt, _c1945. |
||
| 300 |
_a302 p. ; _c21 cm. |
||
| 490 | 1 | _aGigante | |
| 700 | 1 |
_aJ. L. B. _965770 |
|
| 830 | 0 |
_aGigante _9181050 |
|
| 852 |
_aES-MaACL _jB-10077 _bR.21461 |
||
| 999 |
_c131055 _d131055 |
||